Planet Jupiter / (Record no. 1750)

MARC details
000 -LEADER
fixed length control field 01065cam a2200277 i 4500
005 - DATE AND TIME OF LATEST TRANSACTION
control field 20230928090927.0
020 ## - INTERNATIONAL STANDARD BOOK NUMBER
International Standard Book Number 9780531211519 (library binding)
020 ## - INTERNATIONAL STANDARD BOOK NUMBER
International Standard Book Number 9780531253571 (paperback)
040 ## - CATALOGING SOURCE
Original cataloging agency DLC
Language of cataloging eng
Transcribing agency DLC
Description conventions rda
Modifying agency DLC
050 00 - LIBRARY OF CONGRESS CALL NUMBER
Classification number QB661
Item number .S67 2014
082 00 - DEWEY DECIMAL CLASSIFICATION NUMBER
Classification number 523.45
Edition number 23
100 1# - MAIN ENTRY--PERSONAL NAME
Personal name Squire, Ann O.
245 10 - TITLE STATEMENT
Title Planet Jupiter /
Statement of responsibility, etc. Ann O. Squire.
260 ## - PUBLICATION, DISTRIBUTION, ETC.
Place of publication, distribution, etc. New York :
Name of publisher, distributor, etc. Scholastic,
Date of publication, distribution, etc. 2014.
300 ## - PHYSICAL DESCRIPTION
Extent 48 pages :
Other physical details illustrations (chiefly color) ;
Dimensions 22 cm.
490 0# - SERIES STATEMENT
Series statement A true book
505 0# - FORMATTED CONTENTS NOTE
Formatted contents note Z<br/>
520 ## - SUMMARY, ETC.
Summary, etc. Jupiter is so large that all of the other planets in the solar system could fit inside of it. Readers will discover what sets this gas giant apart from the other planets. They will also learn how it was discovered, take a tour of its many moons, and find out why it has rings.
521 2# - TARGET AUDIENCE NOTE
Target audience note 900<br/>
Source Lexile <br/>
521 2# - TARGET AUDIENCE NOTE
Target audience note Z<br/>
Source Raz-Plus <br/>
650 ## - SUBJECT ADDED ENTRY--TOPICAL TERM
Topical term or geographic name entry element Jupiter (Planet)
Form subdivision Juvenile literature
650 ## - SUBJECT ADDED ENTRY--TOPICAL TERM
Topical term or geographic name entry element Planet Jupiter
906 ## - LOCAL DATA ELEMENT F, LDF (RLIN)
a 7
b cbc
c orignew
d 1
e ecip
f 20
g y-gencatlg
942 ## - ADDED ENTRY ELEMENTS (KOHA)
Source of classification or shelving scheme Dewey Decimal Classification
Koha item type Books
Suppress in OPAC No
999 ## -
-- 1750
-- 1750
Holdings
Withdrawn status Lost status Source of classification or shelving scheme Damaged status Not for loan Collection Home library Current library Shelving location Date acquired Total Checkouts Full call number Barcode Date last seen Price effective from Koha item type
    Dewey Decimal Classification     Non-Fiction Footprints International School Library Network Toul Kork Campus Footprints International School Library Network Toul Kork Campus A TK Campus, 4th Floor, Room B401, Non-Fiction Bookcases(7-8) 09/28/2023   SQU 523.45 QB661.S67 FISTK05537 09/28/2023 09/28/2023 Books